| 000 | 00934nam a2200325 i 4500 | ||
|---|---|---|---|
| 001 | 200461398 | ||
| 003 | TR-AnTOB | ||
| 005 | 20240701101403.0 | ||
| 007 | ta | ||
| 008 | 240701s1983 tu a b 001 0 tur d | ||
| 035 | _a(TR-AnTOB)200461398 | ||
| 040 |
_aTR-AnTOB _beng _erda _cTR-AnTOB |
||
| 041 | 0 | _atur | |
| 050 | 4 |
_aQH341 _b.N8733 1983 |
|
| 090 |
_aQH341 _b.N8733 1983 |
||
| 100 | 1 |
_aNurbaki, Haluk _eauthor _9145994 |
|
| 245 | 1 | 0 |
_aİnsan ve hayat / _cDr. Haluk Nurbaki. |
| 250 | _a3. baskı. | ||
| 264 | 1 |
_aİstanbul : _bYeni Asya Yayınları, _c1983. |
|
| 300 |
_a88 pages : _billustrations (some color) ; _c18 cm |
||
| 336 |
_atext _btxt _2rdacontent |
||
| 337 |
_aunmediated _bn _2rdamedia |
||
| 338 |
_avolume _bnc _2rdacarrier |
||
| 490 | 0 |
_aİlim ve Teknik Serisi ; _v19 |
|
| 504 | _aBIBINDX | ||
| 650 | 0 |
_aLife (Biology) _91187 |
|
| 650 | 0 |
_aVital force _9145995 |
|
| 942 |
_2lcc _cBK |
||
| 999 |
_c200461398 _d79610 |
||